000 00486nam a2200169 i 4500
001 128525
003 ES-MaACL
007 t|
008 070516s1979 sp ||||1| spa d
080 _a37.02
100 1 _aTaddei, Nazareno.
_9109055
245 1 0 _aEducar con la imagen /
_cNazareno Taddei ; [traducción por José Laguardia].
260 _aMadrid :
_bMarova,
_c[1979]
300 _a175 p. ;
_c21 cm.
700 1 _aLaguardia, José.
_969607
852 _aES-MaACL
_jL-5712
_bR.105978
999 _c128525
_d128525